[Event "52nd Biel Festival 2019"]
[Site "Biel"]
[Date "2019.07.28"]
[Round "5.3"]
[White "Maghsoodloo, Parham"]
[Black "Leko, Peter"]
[Result "1-0"]
[WhiteElo "2656"]
[BlackElo "2674"]
[Annotator "TA"]
[PlyCount "141"]
[EventDate "2019.07.22"]
[EventType "tourn"]
[EventCountry "SUI"]
[SourceTitle "playchess.com"]
[Source "ChessBase"]
[SourceQuality "1"]

{[%evp 20,141,25,29,27,18,13,18,19,21,29,16,34,25,28,28,26,25,35,29,47,32,28,41,39,33,33,33,43,33,34,41,43,43,43,43,43,43,43,43,43,43,43,43,43,43,43,43,43,43,43,43,43,43,43,43,43,43,50,43,43,0,31,31,31,0,23,23,23,23,31,0,0,0,0,0,0,0,0,0,37,7,0,0,73,0,98,77,72,0,43,0,127,49,78,0,0,0,0,0,744,744,730,730,722,722,714,643,29978,29979,29977,29980,29980,29981,29981,29981,29986,29987,29987,29988,29988,29989,29989,29990]} 1. Nf3 Nf6 2. c4 c5 3. b3 g6 4. g3 b6 5. Bg2 Bb7 6. O-O Bg7 7. Bb2 O-O 8. d4 cxd4 9. Qxd4 d6 10. Rd1 Nbd7 11. Nc3 Ne4 {A30: Symmetrical English: Double Fianchetto and Hedgehog} 12. Qe3 Nxc3 13. Bxc3 Bxc3 {The position is equal.} 14. Qxc3 Rc8 {[#]} 15. a4 $146 ({Predecessor:} 15. Qe3 Rc5 16. Rd4 Re8 17. Rh4 Nf6 18. Qh6 Bxf3 19. Bxf3 {½-½ (34) Rakhmanov,A (2662)-Artemiev,V (2663) Sochi 2016}) 15... Nf6 16. Qe3 Rc5 17. Ne1 Bxg2 18. Nxg2 Qc7 19. Nf4 Qb7 20. Nd3 Rc7 21. Nb4 a5 22. Nd5 Nxd5 23. Rxd5 Rfc8 24. Qh6 Rc5 25. e4 Qd7 26. Rad1 Qg4 27. Re1 {[%cal Bd1e1,Be1e3,Be3f3][%mdl 32]} Qf3 28. Re3 Qf6 29. Kg2 Qe6 30. h4 f6 31. Qf4 h5 32. Qh6 Qf7 33. Rf3 Qh7 34. Qf4 (34. Qe3 {feels hotter.} Kg7 35. Qd2 Qg8 36. Re3 Qe6 37. Re1) 34... Kg7 35. Qd2 Qg8 36. Re3 Qf7 37. f4 Kh7 38. Qe2 Qe6 39. Qd3 Kg7 40. f5 Qf7 41. Rf3 gxf5 42. Rdxf5 Qg6 43. R3f4 Kh7 44. Qf3 Re5 45. Rxe5 (45. Qe3 {seems wilder.} Rg8 46. Qf2 Kh8 47. Kh2 Rc5 48. Kh3) 45... dxe5 $14 {[%mdl 4096] Endgame KQR-KQR} 46. Rf5 Rd8 47. Rxh5+ Kg7 48. Rf5 e6 49. h5 Rd2+ (49... Qh6 $5 50. Qg4+ $8 Kf7 $16) 50. Kh3 Qh6 51. Qg4+ Kf7 {[#]} (51... Kf8 $11 52. Rf3 Rd4) 52. Rf1 (52. Rf3 $1 $16) 52... Rd4 (52... Rd3 $11) 53. Rf2 $16 Ke7 54. Qf3 ({White should try} 54. Qg6 $16 Qxg6 55. hxg6) 54... Qg5 55. Rc2 {Threatens to win with c5.} (55. c5 $5 bxc5 56. Rc2 $14) 55... Kd6 {[#]} (55... Rd2 $11 56. Rc1 (56. Rxd2 Qxd2 57. g4 Kf7 $11) 56... Rb2) 56. Kg2 (56. Qg4 $1 $16 Qe3 57. Qe2) 56... f5 $14 57. c5+ (57. exf5 $16 exf5 58. Qb7) 57... bxc5 $11 58. Qc3 {[%mdl 64] Double Attack} c4 $1 59. bxc4 {exf5 is the strong threat.} fxe4 $2 {[%mdl 8192]} (59... Qxh5 $11 60. Qxa5 Ke7 61. Qc5+ (61. Qxe5 $2 Rd1 $19) 61... Kf7 62. Qc7+ (62. Qxe5 {leads to mate.} Rd1 63. Qc7+ Kg6 64. exf5+ Kf6 65. Kf2 Qh2+ 66. Kf3 Qxc2 {[%mdl 64] Double Attack} 67. Qf4 Qd3+ 68. Kg2 Qe2+ 69. Qf2 Qe4+ {[%mdl 64] Double Attack} 70. Kh3 Rh1+ 71. Qh2 Qxf5+ 72. g4 Qf3+ 73. Kh4 Rxh2#) 62... Kf6) 60. c5+ $18 {[%cal Bc4c5,Bc5c6,Bc6c7][%mdl 32]} Ke7 61. c6 Rd3 62. Qc5+ Ke8 63. Qf2 {White threatens c7 and mate.} Rd8 64. c7 {White mates.} Rc8 {[#]} 65. Qb6 $1 {[%mdl 512]} Ke7 66. Qc5+ Kd7 67. Rf2 Qxh5 68. Rd2+ Ke8 69. Qc6+ Kf8 70. Qd6+ Kg7 71. Qe7+ {Accuracy: White = 73%, Black = 67%.} 1-0

[Event "52nd Biel Festival 2019"]
[Site "Biel"]
[Date "2019.07.28"]
[Round "5.4"]
[White "Cori, Jorge"]
[Black "Shankland, Sam"]
[Result "1-0"]
[WhiteElo "2686"]
[BlackElo "2713"]
[Annotator "TA"]
[PlyCount "69"]
[EventDate "2019.07.22"]
[EventType "tourn"]
[EventCountry "SUI"]
[SourceTitle "playchess.com"]
[Source "ChessBase"]
[SourceQuality "1"]

{[%evp 15,103,0,0,0,0,0,0,-42,-40,-37,57,53,53,31,79,45,76,63,103,102,98,108,102,110,108,89,335,337,299,333,345,325,341,327,329,337,338,325,326,333,334,323,351,371,349,298,520,522,506,453,633,633,630,629,624,620,614,596,555,492,574,354,353,303,351,233,231,0,346,324,359,367,379,371,427,427,590,587,558,381,394,341,29944,863,29993,966,29991,539,927,918]} 1. d4 Nf6 2. Nf3 d5 3. c4 e6 4. Nc3 c6 5. e3 Nbd7 6. Qc2 Bd6 7. b3 O-O 8. Bb2 e5 9. Be2 {D45: Semi-Slav: 5 e3} e4 10. Nd2 Re8 11. g4 {The position is equal.} Nf8 $1 {[%cal Bd7f8,Bf8g6,Bg6h4,Bh4g2][%mdl 32]} 12. h3 $1 g5 $146 (12... h6 $15) ({Predecessor:} 12... Be6 13. O-O-O a6 14. c5 Bc7 15. Rdg1 N6d7 16. h4 b6 17. cxb6 Nxb6 {0-1 (49) Duda,J (2717)-Wang,H (2709) Riadh 2017}) 13. O-O-O $14 Ng6 14. Kb1 Nh4 15. Rhg1 Bh2 16. Rgf1 Bd7 17. f3 {[%cal Rf3e4]} Ng2 18. fxe4 {Strongly threatening Qd3.} Nxe3 19. Qd3 Bf4 (19... Nxf1 $6 20. Rxf1 Be6 21. cxd5 $14) 20. e5 Nh5 $2 (20... b5 $16 {keeps fighting.}) 21. Rf3 $18 Nxd1 22. Bxd1 Ng7 23. cxd5 f5 24. Bc2 Rf8 25. Ba3 Rf7 26. Nc4 cxd5 27. Nd6 (27. Nxd5 $6 Bc6 $18) 27... Qa5 28. Bc5 (28. Nxf7 Kxf7 29. Bc1 Rc8 $18) 28... b6 29. Nxf7 bxc5 30. Nh6+ (30. gxf5 c4 $18) 30... Kf8 $2 (30... Kh8 {was called for.} 31. dxc5 (31. gxf5 c4 $18) (31. Nxd5 Qe1+ 32. Qd1 Qxd1+ 33. Bxd1 fxg4 $18) 31... Rf8) 31. gxf5 c4 32. Qe2 Rc8 {intending ...cxb3.} 33. e6 cxb3 34. axb3 Bxe6 35. fxe6 {Played: f5-f6} 1-0

[Event "52nd Biel Festival 2019"]
[Site "Biel"]
[Date "2019.07.29"]
[Round "6.1"]
[White "Bogner, Sebastian"]
[Black "Shankland, Sam"]
[Result "1/2-1/2"]
[WhiteElo "2584"]
[BlackElo "2713"]
[Annotator "TA"]
[PlyCount "80"]
[EventDate "2019.07.22"]
[EventType "tourn"]
[EventCountry "SUI"]
[SourceTitle "playchess.com"]
[Source "ChessBase"]
[SourceQuality "1"]

{[%evp 16,80,31,36,33,22,23,23,42,35,49,40,50,46,42,39,60,49,50,6,15,6,13,6,2,-17,0,0,0,-6,-18,-13,0,0,0,-8,0,-11,0,0,0,0,0,0,0,0,0,0,13,20,106,95,92,0,0,0,0,0,0,0,0,0,0,0,0,0,0]} 1. d4 Nf6 2. c4 g6 3. Nc3 d5 4. cxd5 Nxd5 5. e4 Nxc3 6. bxc3 Bg7 7. Nf3 c5 8. Bb5+ Bd7 9. Be2 Qa5 {aiming for ...cxd4. D85: Exchange Grünfeld: Unusual White 7th moves and lines with 7 Nf3} 10. Bd2 O-O 11. O-O Rd8 $146 {White has an edge.} ({Predecessor:} 11... Qa4 12. Bg5 cxd4 13. cxd4 h6 14. Be3 Rc8 15. Qd2 Rc2 16. Bd1 Rxd2 17. Bxa4 Rb2 18. Bxd7 Nxd7 19. Rfb1 Rb6 20. a4 Rc8 21. a5 Rxb1+ 22. Rxb1 {½-½ (22) Moiseenko,A (2674)-Svidler,P (2760) Germany 2018}) 12. Qb3 Qc7 13. d5 Bg4 14. Rab1 b6 15. Bg5 Qd6 16. Rfe1 Nd7 17. Bh4 Bxf3 18. Bxf3 c4 19. Qxc4 Rdc8 20. Qa6 Bxc3 21. Rec1 Nc5 22. Qc4 Be5 23. Bg3 Rc7 24. Bxe5 Qxe5 25. Qc3 Qg5 26. e5 {Threatens to win with d6.} Rac8 27. d6 $36 {[%mdl 2048] White is pushing.} exd6 28. exd6 Rd7 29. Rd1 Rcd8 30. Rd5 Qh6 31. Rbd1 Qf8 {[%cal Rd7d6]} 32. Qf6 Nb7 {[#]} (32... Qg7 $11 {remains equal.} 33. Qf4 Qc3) 33. R5d4 $1 $16 Qg7 {[#]} 34. Qxg7+ (34. Qe7 $1 $16 Na5 35. h4) 34... Kxg7 $11 {The position is equal.} 35. Bxb7 Rxb7 $16 {KRR-KRR} 36. a4 Rbd7 37. f4 f5 38. Rd5 Kf6 39. a5 bxa5 40. Rxa5 Rxd6 {Accuracy: White = 56%, Black = 56%.} 1/2-1/2

[Event "52nd Biel Festival 2019"]
[Site "Biel"]
[Date "2019.07.29"]
[Round "6.2"]
[White "Leko, Peter"]
[Black "Cori, Jorge"]
[Result "1-0"]
[WhiteElo "2674"]
[BlackElo "2686"]
[Annotator "TA"]
[PlyCount "109"]
[EventDate "2019.07.22"]
[EventType "tourn"]
[EventCountry "SUI"]
[SourceTitle "playchess.com"]
[Source "ChessBase"]
[SourceQuality "1"]

{[%evp 16,109,20,25,18,20,23,11,35,40,15,19,16,22,10,22,38,40,22,0,47,56,48,9,31,22,21,10,111,110,110,120,131,131,136,107,137,17,124,126,172,114,159,157,210,220,325,313,281,219,335,339,318,300,336,300,302,270,292,288,272,274,285,267,272,0,177,184,691,691,689,684,672,668,607,668,747,1042,1038,732,747,429,1047,1028,987,957,7598,5220,1288,592,590,580,29974,29975,29980,29982]} 1. e4 e6 2. d4 d5 3. Nc3 Nf6 4. e5 Nfd7 5. f4 c5 6. Nf3 Nc6 7. Be3 Be7 8. Qd2 O-O 9. dxc5 Nxc5 {C11: French: Classical System: 4 e5 and 4 Bg5 dxe4} 10. O-O-O a6 11. h4 b5 {The position is equal.} 12. Bd3 Nxd3+ (12... b4 13. Bxc5 Bxc5 14. Na4 Ba7 15. Qe2 f5 16. g4 Ne7 17. Ng5 {0-1 (45) Caruana,F (2828)-Nyzhnyk,I (2638) chess.com INT 2019}) 13. Qxd3 Nb4 14. Qd2 Bb7 15. Kb1 $146 ({Predecessor:} 15. f5 exf5 16. a3 Nc6 17. Nxd5 {1-0 (34) Peters,J (2430)-Landaw,M Los Angeles 2005}) 15... Rc8 16. f5 exf5 17. a3 d4 18. Nxd4 Nd5 {And now ...Nxc3+ would win.} 19. Nxd5 (19. Nxf5 $5 {[%cal Rc3d5]} Nxc3+ 20. bxc3 Bxa3 21. Qe2 $18) 19... Bxd5 20. Nxb5 Be4 21. Nc3 Qc7 (21... Qxd2 $11 22. Rxd2 Rc4) 22. Nxe4 $16 fxe4 23. Bd4 $1 Rb8 24. Rh3 Rfd8 25. Qe2 Qc6 26. Rc3 (26. Qg4 $16) 26... Qd5 (26... Qb5 $1 $11 {keeps the balance.} 27. Qxb5 Rxb5) 27. Re3 a5 28. Ka1 (28. Rxe4 $18 Qb7 29. c3) 28... a4 29. Rxe4 Qb7 (29... Bc5 $16 30. c4 Qb7) 30. c4 $1 $18 Qc6 (30... Bc5 $142 31. Rg4 g6) 31. e6 {Threatening mate with exf7+.} f6 32. Re3 Rb3 {[#]} (32... Rdc8 $142 33. c5 Rd8) 33. Bc3 $1 {Black must now prevent Rxd8+.} Rxd1+ 34. Qxd1 Qxc4 35. Qd7 Kf8 36. g4 Rb8 {intending ...Rd8.} 37. Bb4 Qc1+ 38. Ka2 Qxe3 39. Qxe7+ {[%mdl 4096] Endgame KQR-KQB} Kg8 {With the idea ...Qb3+.} 40. Qf7+ Kh8 {Black wants to play ...Qb3+.} 41. e7 {White wants to mate with Qf8+.} h6 $2 {[#]} (41... h5) 42. g5 $1 ({Weaker is} 42. Qf8+ Kh7 $11) 42... Qb3+ 43. Qxb3 axb3+ 44. Kxb3 fxg5 45. hxg5 {KR-KB} Kh7 46. Kc4 Kg6 47. Bd6 Ra8 48. Kb5 Kf7 (48... hxg5 $142 49. b4 Kf7) 49. gxh6 gxh6 50. a4 {[%cal Ba3a4,Ba4a5][%mdl 32]} Ke6 51. Kc6 Rc8+ 52. Kb7 (52. Bc7 $142 Kxe7 53. a5) 52... Kd7 53. a5 {aiming for a6.} Rc2 54. b4 Re2 55. Bc5 {Accuracy: White = 77%, Black = 38%.} 1-0

[Event "52nd Biel Festival 2019"]
[Site "Biel"]
[Date "2019.07.29"]
[Round "6.3"]
[White "Georgiadis, Nico"]
[Black "Maghsoodloo, Parham"]
[Result "1/2-1/2"]
[WhiteElo "2514"]
[BlackElo "2656"]
[Annotator "ChessBase"]
[PlyCount "98"]
[EventDate "2019.07.22"]
[EventType "tourn"]
[EventCountry "SUI"]
[SourceTitle "playchess.com"]
[Source "ChessBase"]
[SourceQuality "1"]
[TimeControl "40/6000+30:20/3000+30:900+30"]

1. d4 {[%emt 0:00:00]} Nf6 {[%emt 0:00:20]} 2. c4 {[%emt 0:00:00]} g6 {[%emt 0:00:05]} 3. Nc3 {[%emt 0:00:00]} d5 {[%emt 0:01:11]} 4. cxd5 {[%emt 0:00:02]} Nxd5 {[%emt 0:00:04]} 5. e4 {[%emt 0:00:07]} Nxc3 {[%emt 0:00:06]} 6. bxc3 {[%emt 0:00:05]} Bg7 {[%emt 0:00:15]} 7. Nf3 {[%emt 0:00:07]} c5 {[%emt 0:01:02]} 8. Bb5+ {[%emt 0:00:05]} Bd7 {[%emt 0:00:45]} 9. Bxd7+ {[%emt 0:01:11]} Qxd7 {[%emt 0:01:51]} 10. O-O {[%emt 0:00:08]} O-O {[%emt 0:00:41]} 11. Be3 {[%emt 0:02:38]} Rc8 {[%emt 0:13:27]} 12. Qe2 {[%emt 0:23:03]} Qg4 {[%emt 0:12:37]} 13. Qd3 {[%emt 0:06:30]} cxd4 {[%emt 0:10:35]} 14. cxd4 {[%emt 0:00:36]} Nc6 {[%emt 0:00:16]} 15. Rab1 {[%emt 0:07:39]} b6 {[%emt 0:00:36]} 16. Rfc1 {[%emt 0:07:37]} Na5 {[%emt 0:10:32]} 17. h3 {[%emt 0:02:46]} Qd7 {[%emt 0:00:18]} 18. d5 {[%emt 0:10:03]} Rd8 {[%emt 0:08:03]} 19. Bf4 {[%emt 0:11:11]} Rac8 {[%emt 0:01:03]} 20. Qa6 {[%emt 0:03:31]} e6 {[%emt 0:10:27]} 21. dxe6 {[%emt 0:03:26]} Qxe6 {[%emt 0:00:33]} 22. Qxa7 {[%emt 0:08:17]} Nc4 {[%emt 0:01:32]} 23. Qb7 {[%emt 0:06:12]} h6 {[%emt 0:04:54]} 24. a4 {[%emt 0:02:46]} Bf8 {[%emt 0:11:28]} 25. Re1 {[%emt 0:04:51]} g5 {[%emt 0:04:15]} 26. Bg3 {[%emt 0:01:36]} Bc5 {[%emt 0:01:43]} 27. Rbd1 {[%emt 0:02:36]} Nb2 {[%emt 0:05:53]} 28. Rxd8+ {[%emt 0:00:05]} Rxd8 {[%emt 0:00:02]} 29. a5 {[%emt 0:00:47]} Nd3 {[%emt 0:00:01]} 30. Ra1 {[%emt 0:03:12]} g4 {[%emt 0:02:50]} 31. hxg4 {[%emt 0:00:37]} Qxg4 {[%emt 0:00:01]} 32. Qc7 {[%emt 0:02:15]} Rc8 {[%emt 0:00:49]} 33. Ne5 {[%emt 0:00:17]} Qe6 {[%emt 0:06:31]} 34. Qd7 {[%emt 0:01:44]} Nxf2 {[%emt 0:01:23]} 35. Bxf2 {[%emt 0:00:48]} Bxf2+ {[%emt 0:00:01]} 36. Kf1 {[%emt 0:00:33]} Bg3 {[%emt 0:00:33]} 37. Qxe6 {[%emt 0:00:18]} fxe6 {[%emt 0:00:01]} 38. Nd3 {[%emt 0:00:34]} bxa5 {[%emt 0:00:16]} 39. Rxa5 {[%emt 0:00:07]} Rc2 {[%emt 0:00:08]} 40. Ra3 {[%emt 0:01:01]} h5 {[%emt 0:00:14]} 41. Rb3 {[%emt 0:09:41]} Rd2 {[%emt 0:03:03]} 42. Nc5 {[%emt 0:02:37]} h4 {[%emt 0:00:11]} 43. Nxe6 {[%emt 0:01:09]} Rf2+ {[%emt 0:00:16]} 44. Kg1 {[%emt 0:00:06]} Re2 {[%emt 0:00:04]} 45. Rf3 {[%emt 0:00:59]} Re1+ {[%emt 0:00:08]} 46. Rf1 {[%emt 0:00:04]} Bh2+ {[%emt 0:00:03]} 47. Kf2 {[%emt 0:00:06]} Bg3+ {[%emt 0:00:02]} 48. Kg1 {[%emt 0:00:04]} Bh2+ {[%emt 0:00:03]} 49. Kf2 {[%emt 0:00:04]} Bg3+ {[%emt 0:00:04]} 1/2-1/2

[Event "52nd Biel Festival 2019"]
[Site "Biel"]
[Date "2019.07.29"]
[Round "6.4"]
[White "Vidit, Santosh Gujrathi"]
[Black "Abdusattorov, Nodirbek"]
[Result "1/2-1/2"]
[WhiteElo "2703"]
[BlackElo "2598"]
[Annotator "TA"]
[PlyCount "83"]
[EventDate "2019.07.22"]
[EventType "tourn"]
[EventCountry "SUI"]
[SourceTitle "playchess.com"]
[Source "ChessBase"]
[SourceQuality "1"]

{[%evp 23,83,12,11,11,12,6,6,5,5,5,8,5,11,6,13,0,13,0,12,12,27,27,32,32,32,32,48,32,32,32,29,29,40,16,37,33,35,10,11,5,5,5,10,4,12,0,12,12,12,12,12,12,13,13,24,22,15,14,16,14,346,-208]} 1. d4 Nf6 2. c4 e6 3. Nf3 d5 4. g3 Be7 5. Bg2 O-O 6. O-O dxc4 7. Qc2 a6 8. a4 Bd7 9. Qxc4 Bc6 10. Bg5 Bd5 11. Qc2 Be4 12. Qc1 h6 13. Bxf6 {E05: Open Catalan: 5 Nf3 Be7} Bxf6 14. Rd1 a5 15. Nbd2 {The position is equal.} Bxf3 16. Bxf3 c6 17. Nc4 (17. e3 Nd7 18. h4 Be7 19. h5 Bb4 20. Nb3 Qe7 {½-½ (59) Vidit,S (2718)-So,W (2780) chess.com INT 2018}) 17... Na6 18. e3 Nb4 19. Qd2 Qc7 20. Qe2 Rad8 21. h4 e5 $146 ({Predecessor:} 21... g6 22. h5 g5 23. Rd2 Rd7 24. Rad1 Rfd8 25. Be4 {½-½ (25) Wapniewski,K (2384)-Felkel,S (2414) GER email 2016}) 22. dxe5 Bxe5 23. h5 Bf6 24. Kg2 Rfe8 25. Rac1 Be7 26. Rxd8 Rxd8 27. Rd1 Nd5 28. Qc2 Nf6 29. Qf5 Bb4 30. Qe5 (30. Ne5 {with more complications.} Kf8 31. Be2 Rxd1 32. Bxd1 Bd6 33. Ng4) 30... Qxe5 31. Nxe5 Rxd1 32. Bxd1 $11 {[%mdl 4096] Endgame KBN-KBN} Bd6 33. Nc4 Bc7 34. g4 Kf8 35. f4 Ne4 36. Kf3 Nc5 37. b3 Ke7 38. Nd2 Nd3 39. Ne4 Bb6 40. Ng3 Bc5 41. Nf5+ Ke6 $2 {[%mdl 8192] [#]} (41... Kf8 $1 $11) 42. Ke4 $4 {[%mdl 8192] Accuracy: White = 64%, Black = 48%.} (42. Nxg7+ $18 {is the narrow road to win.} Kd7 43. Nf5) 1/2-1/2

[Event "52nd Biel Festival 2019"]
[Site "Biel"]
[Date "2019.07.30"]
[Round "7.1"]
[White "Abdusattorov, Nodirbek"]
[Black "Bogner, Sebastian"]
[Result "1/2-1/2"]
[WhiteElo "2598"]
[BlackElo "2584"]
[Annotator "ChessBase"]
[PlyCount "141"]
[EventDate "2019.07.22"]
[EventType "tourn"]
[EventCountry "SUI"]
[SourceTitle "playchess.com"]
[Source "ChessBase"]
[SourceQuality "1"]
[TimeControl "40/6000+30:20/3000+30:900+30"]

1. e4 {[%emt 0:00:00]} c6 {[%emt 0:00:05]} 2. d4 {[%emt 0:00:00]} d5 {[%emt 0:00:07]} 3. Nc3 {[%emt 0:00:17]} dxe4 {[%emt 0:00:07]} 4. Nxe4 {[%emt 0:00:06]} Bf5 {[%emt 0:00:07]} 5. Ng3 {[%emt 0:00:10]} Bg6 {[%emt 0:00:04]} 6. h4 {[%emt 0:00:09]} h6 {[%emt 0:00:08]} 7. Nf3 {[%emt 0:00:06]} e6 {[%emt 0:00:15]} 8. h5 {[%emt 0:00:18]} Bh7 {[%emt 0:00:09]} 9. Bd3 {[%emt 0:00:11]} Bxd3 {[%emt 0:00:07]} 10. Qxd3 {[%emt 0:00:08]} Nf6 {[%emt 0:00:06]} 11. Bd2 {[%emt 0:01:07]} Be7 {[%emt 0:00:08]} 12. O-O-O {[%emt 0:00:35]} c5 {[%emt 0:00:37]} 13. Ne4 {[%emt 0:09:05]} cxd4 {[%emt 0:03:52]} 14. Nxd4 {[%emt 0:01:51]} Nbd7 {[%emt 0:00:05]} 15. Nxf6+ {[%emt 0:05:23]} Nxf6 {[%emt 0:02:45]} 16. Qb5+ {[%emt 0:02:14]} Qd7 {[%emt 0:00:10]} 17. Qxd7+ {[%emt 0:00:27]} Kxd7 {[%emt 0:00:50]} 18. Be3 {[%emt 0:21:23]} Rhc8 {[%emt 0:00:29]} 19. Nb5+ {[%emt 0:08:31]} Ke8 {[%emt 0:00:20]} 20. Bf4 {[%emt 0:13:07]} Nd5 {[%emt 0:22:06]} 21. Rxd5 {[%emt 0:02:27]} exd5 {[%emt 0:00:05]} 22. Nc7+ {[%emt 0:00:05]} Rxc7 {[%emt 0:00:46]} 23. Bxc7 {[%emt 0:00:06]} Bf6 {[%emt 0:00:52]} 24. Bf4 {[%emt 0:02:58]} Kd7 {[%emt 0:00:22]} 25. Rd1 {[%emt 0:01:03]} Ke6 {[%emt 0:04:20]} 26. Be3 {[%emt 0:01:50]} a6 {[%emt 0:05:52]} 27. Rd3 {[%emt 0:04:58]} b5 {[%emt 0:09:53]} 28. g4 {[%emt 0:01:39]} Rc8 {[%emt 0:03:30]} 29. f3 {[%emt 0:00:30]} Rc6 {[%emt 0:03:48]} 30. a3 {[%emt 0:03:36]} Rc8 {[%emt 0:05:42]} 31. Rd1 {[%emt 0:03:41]} Kd6 {[%emt 0:02:53]} 32. Re1 {[%emt 0:04:01]} Kd7 {[%emt 0:05:26]} 33. c3 {[%emt 0:03:32]} Rc4 {[%emt 0:07:07]} 34. Kc2 {[%emt 0:01:48]} a5 {[%emt 0:01:54]} 35. Kd3 {[%emt 0:01:28]} b4 {[%emt 0:04:58]} 36. axb4 {[%emt 0:00:24]} axb4 {[%emt 0:00:05]} 37. Bd2 {[%emt 0:00:26]} bxc3 {[%emt 0:00:20]} 38. bxc3 {[%emt 0:00:04]} Ra4 {[%emt 0:01:17]} 39. Rb1 {[%emt 0:00:18]} Be5 {[%emt 0:02:35]} 40. Rb4 {[%emt 0:01:02]} Ra3 {[%emt 0:15:08]} 41. Rb7+ {[%emt 0:51:50]} Kc6 {[%emt 0:51:49]} 42. Rxf7 {[%emt 0:00:20]} d4 {[%emt 0:00:28]} 43. f4 {[%emt 0:01:02]} dxc3 {[%emt 0:00:00]} 44. Bc1 {[%emt 0:00:00]} Ra1 {[%emt 0:00:00]} 45. fxe5 {[%emt 0:00:00]} Rxc1 {[%emt 0:00:00]} 46. Rxg7 {[%emt 0:00:00]} Kd5 {[%emt 0:00:00]} 47. e6 {[%emt 0:00:00]} Kxe6 {[%emt 0:00:00]} 48. Rg6+ {[%emt 0:00:00]} Kf7 {[%emt 0:00:00]} 49. Rxh6 {[%emt 0:00:00]} Rg1 {[%emt 0:00:00]} 50. Rg6 {[%emt 0:00:00]} Rg3+ {[%emt 0:00:00]} 51. Kc2 {[%emt 0:00:00]} Rh3 {[%emt 0:00:00]} 52. Kb3 {[%emt 0:00:00]} Rg3 {[%emt 0:00:00]} 53. g5 {[%emt 0:00:00]} Rh3 {[%emt 0:00:00]} 54. Rf6+ {[%emt 0:00:00]} Kg7 {[%emt 0:00:00]} 55. h6+ {[%emt 0:00:00]} Kh7 {[%emt 0:00:00]} 56. Rf7+ {[%emt 0:00:00]} Kh8 {[%emt 0:00:00]} 57. Kc2 {[%emt 0:00:00]} Rg3 {[%emt 0:00:00]} 58. Rg7 {[%emt 0:00:00]} Rh3 {[%emt 0:00:00]} 59. Rc7 {[%emt 0:00:00]} Rg3 {[%emt 0:00:00]} 60. Rc8+ {[%emt 0:00:00]} Kh7 {[%emt 0:00:00]} 61. Rc5 {[%emt 0:00:00]} Kg6 {[%emt 0:01:23]} 62. Kb3 {[%emt 0:00:00]} Kh7 {[%emt 0:01:15]} 63. Kc2 {[%emt 0:00:00]} Kg6 {[%emt 0:00:06]} 64. Kd1 {[%emt 0:00:00]} Rg1+ {[%emt 0:01:26]} 65. Kc2 {[%emt 0:00:00]} Rg3 {[%emt 0:00:49]} 66. Rd5 {[%emt 0:00:00]} Kh7 {[%emt 0:00:53]} 67. Rd7+ {[%emt 0:00:00]} Kh8 {[%emt 0:00:14]} 68. Rg7 {[%emt 0:00:00]} Rh3 {[%emt 0:00:14]} 69. Kb3 {[%emt 0:00:00]} c2+ {[%emt 0:00:49]} 70. Kxc2 {[%emt 0:00:00]} Rxh6 {[%emt 0:00:05]} 71. gxh6 {[%emt 0:00:00]} 1/2-1/2

[Event "52nd Biel Festival 2019"]
[Site "Biel"]
[Date "2019.07.30"]
[Round "7.2"]
[White "Maghsoodloo, Parham"]
[Black "Vidit, Santosh Gujrathi"]
[Result "0-1"]
[WhiteElo "2656"]
[BlackElo "2703"]
[Annotator "TA"]
[PlyCount "60"]
[EventDate "2019.07.22"]
[EventType "tourn"]
[EventCountry "SUI"]
[SourceTitle "playchess.com"]
[Source "ChessBase"]
[SourceQuality "1"]

{[%evp 15,60,-20,7,-18,-24,-27,-6,-28,0,0,-13,2,9,0,0,0,0,0,0,-51,-42,-80,-76,-301,-322,-335,-330,-427,-422,-416,-418,-418,-408,-448,-433,-570,-558,-551,-548,-866,-800,-796,-789,-1032,-785,-752,-743]} 1. Nf3 Nf6 2. g3 c5 3. Bg2 Nc6 4. O-O e5 5. d3 d5 6. c3 Be7 7. Nbd2 O-O 8. e4 Re8 9. Qb3 {A08: King's Indian Attack} (9. exd5 Nxd5 10. Nc4 Bf8 11. Re1 f6 12. Qb3 Kh8 13. Ncxe5 Nxe5 14. Nxe5 Be6 15. Nc4 Nb6 16. Qc2 Nxc4 17. dxc4 Bxc4 {1-0 (58) Movsesian,S (2723)-Gelfand,B (2720) Moscow 2008}) 9... d4 $146 ({Predecessor:} 9... Bf8 10. Re1 d4 11. Nc4 Rb8 12. a4 Be6 13. Qc2 Nd7 14. Ng5 Bg4 15. f4 f6 16. Nf3 Be6 {1-0 (46) Semenov,D (2166)-Ivanov,A (2321) Dnipropetrovsk 2000}) 10. Nc4 Nd7 11. Bd2 {The position is equal.} Rb8 {[%cal Ba8b8,Bb8b7,Bb7d7][%mdl 32]} 12. a4 b6 13. Bh3 Ba6 14. Rac1 dxc3 15. Bxc3 Rb7 16. Rcd1 {[%cal Rf3e5]} Bf8 17. Rfe1 (17. Bxd7 $11 Bxc4 18. dxc4 Rxd7 19. Rd5) 17... Qf6 $15 18. Bxd7 Rxd7 19. Nfxe5 $2 {[#]} (19. Kg2 $17) 19... Nxe5 $19 ({Weaker is} 19... Rxe5 20. f4 $16) 20. Nxe5 Rxe5 21. f4 Qe6 22. Qc2 Rh5 23. f5 Qc6 24. Be5 Bb7 {Black is clearly winning.} 25. g4 Rh4 26. Qg2 Bd6 27. d4 cxd4 28. Bxd6 Qxd6 29. e5 Qd5 30. Qxd5 Rxg4+ {Accuracy: White = 34%, Black = 82%.} 0-1